书目信息 |
| 题名: |
王小波全集
|
|
| 作者: | 王小波 著 | |
| 分册: | 第五卷 长篇小说 剧本 | |
| 出版信息: | 昆明 云南人民出版社 2006 |
|
| 页数: | 204页 | |
| 开本: | 23cm | |
| 丛书名: | ||
| 单 册: | ||
| 中图分类: | I217.52 | |
| 科图分类: | ||
| 主题词: | 长篇小说--中国--现代 , 剧本--中国--现代--选集 , 文学--作品--中国--现代--选集 , 长篇小说 , 剧本 , 文学 | |
| 电子资源: | ||
| ISBN: | 7-222-04766-2 | |
| 000 | 00957nam0 2200277 450 | |
| 001 | 003349126 | |
| 005 | 20070805164906.35 | |
| 010 | @a7-222-04766-2@b精装@dCNY288.00(全10册) | |
| 100 | @a20070112d2006 em y0chiy0110 ea | |
| 101 | 0 | @achi |
| 102 | @aCN@b530000 | |
| 105 | @ay z 000zy | |
| 200 | 1 | @a王小波全集@9wang xiao bo quan ji@h第五卷@i长篇小说 剧本@i寻找无双 东宫·西宫@f王小波著 |
| 210 | @a昆明@c云南人民出版社@d2006 | |
| 215 | @a204页@d23cm | |
| 330 | @a《王小波全集》收录了王小波生前的重要著述,内容包括作者的杂文、长篇小说、中篇小说、短篇小说、书信集及未竟稿。本卷为长篇小说和剧本:《寻找无双》、《东宫·西宫》。 | |
| 606 | 0 | @a长篇小说@y中国@z现代 |
| 606 | 0 | @a剧本@y中国@z现代@j选集 |
| 606 | 0 | @a文学@x作品@y中国@z现代@j选集 |
| 606 | 0 | @a长篇小说 |
| 606 | 0 | @a剧本 |
| 606 | 0 | @a文学 |
| 690 | @aI217.52@v4 | |
| 701 | 0 | @a王小波@9wang xiao bo@f(1952~1997.4)@4著 |
| 801 | 0 | @aCN@bNLC@c20070805 |
| 905 | @a10447@dI217.52@e614:5 | |
| 王小波全集.第五卷.长篇小说 剧本.寻找无双 东宫·西宫/王小波著.-昆明:云南人民出版社,2006 |
| 204页;23cm |
| ISBN 7-222-04766-2(精装):CNY288.00(全10册) |
| 《王小波全集》收录了王小波生前的重要著述,内容包括作者的杂文、长篇小说、中篇小说、短篇小说、书信集及未竟稿。本卷为长篇小说和剧本:《寻找无双》、《东宫·西宫》。 |
| ● |
| 相关链接 |
|
|
|
|
正题名:王小波全集
索取号:I217.52/614:5
 
预约/预借
| 序号 | 登录号 | 条形码 | 馆藏地/架位号 | 状态 | 备注 |
| 1 | 0808439 | 208084393 | 第一样本阅览室/ [索取号:I217.52/614:5] | 在馆 | |
| 2 | 0808440 | 208084400 | 第二借阅区/ [索取号:I217.52/614:5] | 在馆 | |
| 3 | 0808441 | 208084419 | 第二借阅区/ [索取号:I217.52/614:5] | 在馆 | |
| 4 | 0808442 | 208084428 | 第二借阅区/ [索取号:I217.52/614:5] | 在馆 | |
| 5 | 0808443 | 208084437 | 第二借阅区/ [索取号:I217.52/614:5] | 在馆 | |
| 6 | 0808444 | 208084446 | 第二借阅区/ [索取号:I217.52/614:5] | 在馆 | |
| 7 | 0808445 | 208084455 | 第二借阅区/ [索取号:I217.52/614:5] | 在馆 | |
| 8 | 0808446 | 208084464 | 第二借阅区/ [索取号:I217.52/614:5] | 在馆 | |
| 9 | 0808447 | 208084473 | 第二借阅区/ [索取号:I217.52/614:5] | 在馆 | |
| 10 | 0808448 | 208084482 | 第二借阅区/ [索取号:I217.52/614:5] | 在馆 |